| 000 | 00372 a2200157 4500 | ||
|---|---|---|---|
| 001 | 75209 | ||
| 020 | _a8516031446 | ||
| 040 | _cAnchieta - Colégio São Paulo | ||
| 100 | _aCarrasco, Walcyr | ||
| 240 | 1 | 0 |
_aMordidas que podem ser beijos _lpor |
| 245 | 1 | 0 | _aMordidas que podem ser beijos |
| 300 | _a63 | ||
| 362 | 0 | _a2002 | |
| 650 | 4 | _aLiteratura infantil | |
| 942 | _cBK | ||
| 999 |
_c75209 _d75209 |
||